Di quale calciatore stiamo parlando? - Statistics

Statistiche generali
  • Questo quiz è stato fatto 88 volte
  • Il punteggio medio è 6 su 10
Statistiche sulle risposte
Azione compiuta Calciatore % Corretto
Ha vinto 7 palloni d'oro (in data estate 2023) Lionel Messi
100%
È passato direttamente dal Pescara al PSG Marco Verratti
88%
Numero 9 dello storico Leicester campione d'Inghilterra Jamie Vardy
82%
Ha segnato 5 goal in 9 minuti Robert Lewandowski
79%
Ha segnato il gol del 3-2 allo scadere dell'ultima giornata che ha regalato la Premier al suo club nel 2011/12 Sergio Agüero
70%
Ha vinto la classifica cannonieri nel 2014/15 in Serie A a 37 anni Luca Toni
59%
Capocannoniere nei mondiali in Brasile nel 2014 James Rodrìguez
38%
Ha vinto il Golden Boy(miglior giovane) nel 2020 Erling Haaland
37%
Capitano del Brasile campione del mondo in USA1994 Dunga
30%
Unico ad aver vinto 6 Champions League/Coppa dei campioni ( al momento unico data 2023) Francisco Gento
14%
Nessun quiz corrispondente trovato
Distribuzione punteggi
Percentuale di utenti per punteggio
Percentile per numero di risposta
I tuoi punteggi nel tempo
Non hai fatto questo quiz